The one minute mother : (Record no. 4255)
[ view plain ]
| 000 -LEADER | |
|---|---|
| fixed length control field | 01636cam a2200289 a 4500 |
| 001 - CONTROL NUMBER | |
| control field | 4255 |
| 003 - CONTROL NUMBER IDENTIFIER | |
| control field | FISKH |
| 005 - DATE AND TIME OF LATEST TRANSACTION | |
| control field | 20240710144458.0 |
| 008 - FIXED-LENGTH DATA ELEMENTS--GENERAL INFORMATION | |
| fixed length control field | 830707s1983 nyu 000 0 eng |
| 010 ## - LIBRARY OF CONGRESS CONTROL NUMBER | |
| LC control number | 83062158 |
| 020 ## - INTERNATIONAL STANDARD BOOK NUMBER | |
| International Standard Book Number | 0688022502 : |
| 020 ## - INTERNATIONAL STANDARD BOOK NUMBER | |
| International Standard Book Number | 9780688144043 |
| 040 ## - CATALOGING SOURCE | |
| Original cataloging agency | DLC |
| Transcribing agency | DLC |
| Modifying agency | DLC |
| Language of cataloging | eng |
| 050 ## - LIBRARY OF CONGRESS CALL NUMBER | |
| Classification number | HQ759.J66 |
| 082 ## - DEWEY DECIMAL CLASSIFICATION NUMBER | |
| Classification number | 306.8743 |
| 100 1# - MAIN ENTRY--PERSONAL NAME | |
| Personal name | Johnson, Spencer. |
| 245 14 - TITLE STATEMENT | |
| Title | The one minute mother : |
| Remainder of title | the quickest way for you to help your children learn to like themselves and want to behave themselves / |
| Statement of responsibility, etc. | Spencer Johnson. |
| 260 ## - PUBLICATION, DISTRIBUTION, ETC. | |
| Place of publication, distribution, etc. | New York : |
| Name of publisher, distributor, etc. | Harper, |
| Date of publication, distribution, etc. | 1983. |
| 300 ## - PHYSICAL DESCRIPTION | |
| Extent | 112 pages : |
| Dimensions | 21 cm |
| 520 ## - SUMMARY, ETC. | |
| Summary, etc. | This story begins where most mothers are and takes them to where they want to be. Bestselling author Spencer Johnson shares his world-renowned ′One Minute′ secrets - three simple and easy-to-understand techniques that take little but yield great results. When you use what you learn in the story you will discover: How to become an effective disciplinarian. How to reach your own potential while helping your children to reach theirs. How to help your children′s self-esteem by developing their sense of responsibility. How to enjoy one another more as a family. With this book, written by a pioneer in helping people to gain better health through better communications, a mother can care for her children with confidence and ease, enriching and strengthening the mother-child bond each day. |
| 650 #0 - SUBJECT ADDED ENTRY--TOPICAL TERM | |
| Topical term or geographic name entry element | Mother and child. |
| 650 #0 - SUBJECT ADDED ENTRY--TOPICAL TERM | |
| Topical term or geographic name entry element | Parenting. |
| 650 #0 - SUBJECT ADDED ENTRY--TOPICAL TERM | |
| Topical term or geographic name entry element | Child psychology. |
| 906 ## - LOCAL DATA ELEMENT F, LDF (RLIN) | |
| a | 7 |
| b | cbc |
| c | orignew |
| d | 2 |
| e | opcn |
| f | 19 |
| g | y-gencatlg |
| 942 ## - ADDED ENTRY ELEMENTS (KOHA) | |
| Source of classification or shelving scheme | Dewey Decimal Classification |
| Koha item type | Books |
| Suppress in OPAC | No |
| Withdrawn status | Lost status | Source of classification or shelving scheme | Damaged status | Not for loan | Collection | Home library | Current library | Shelving location | Date acquired | Total Checkouts | Full call number | Barcode | Date last seen | Date last checked out | Price effective from | Koha item type |
|---|---|---|---|---|---|---|---|---|---|---|---|---|---|---|---|---|
| Dewey Decimal Classification | Non-Fiction | Footprints International School Library Network Toul Kork Campus | Footprints International School Library Network Toul Kork Campus | A TK Campus, 4th Floor, Room B401, Non-Fiction Bookcases(7-8) | 07/10/2024 | 1 | JOH 306.8743 HQ759.J66 | 2024-0934 | 07/15/2024 | 07/10/2024 | 07/10/2024 | Books |
